000 00472nam a2200157Ia 4500
008 210716s2007 xx 000 0 und d
020 _a9788120332621
041 _aeng
082 _a005.3002 WINW
100 _aWinston, Wayne L.
245 _aMicrosoft office excel 2007: data analysis and business modeling.
_bData analysis and business modeling.
250 _a1
260 _aNew Delhi
_bPrentice Hall of India PVt Ltd.
_c2007
300 _axix,601
650 _aNone
999 _c188629
_d188629